| 000 | 01110nam a2200217Ia 4500 | ||
|---|---|---|---|
| 999 |
_c51413 _d51413 |
||
| 001 | 18398 | ||
| 003 | GE_BSU | ||
| 005 | 20210706130428.0 | ||
| 008 | 181216s ||||ge |||||||||||||| ||geo|| | ||
| 040 | _cGE_BSU | ||
| 041 | _ageo | ||
| 080 | _a811.353.1-84 ო-46 | ||
| 100 |
_aომიაძე, სალომე _912195 |
||
| 245 |
_aქართული ენა : _bსასწავლო მასალები არაქართულენოვანი მასწავლებლებისთვის : 1 მწვრთნელის სახელმძღვანელო / _cსალომე ომიაძე, თამარ ჯაყელი; რედ. თ. ცერაძე. |
||
| 264 | _aთბილისი. | ||
| 300 |
_a199 გვ.. _b29 სმ. |
||
| 490 | _aმასწავლებელთა პროფესიული განვითარების ეროვნული ცენტრი | ||
| 653 | _aქართული ენა | ||
| 700 |
_aჯაყელი,თამარ _eავტორი _912196 |
||
| 942 |
_cBK _2udc |
||